| 000 | 00904nam a22002537a 4500 | ||
|---|---|---|---|
| 999 |
_c6697 _d6697 |
||
| 003 | OSt | ||
| 005 | 20181218164942.0 | ||
| 008 | 140225s2013 sp ||||| |||| 00| 0 cat d | ||
| 020 | _a9788496645172 (vol. 1) | ||
| 020 | _a9788496645219 (vol. 2) | ||
| 020 | _a9788496645226 (vol. 3) | ||
| 040 |
_bcat _cCDMR |
||
| 100 | 1 |
_92992 _aCadena, Josep Maria |
|
| 245 | 1 | 0 |
_aJunceda _b: els dibuixants del ¡Cu-Cut! / _cJosep Maria Cadena |
| 260 |
_aBarcelona _bÀmbit _cDL 2013 |
||
| 300 |
_avol. (545, 593, 445 p.) : _bil. ; _c20 cm |
||
| 500 | _aEditat amb la col·laboració de l'Ajuntament de Barcelona | ||
| 505 | 8 | _aConté: 1. 1902-1906 -- 2. 1907-1909 -- 3. 1910-1912 | |
| 600 | 1 | 7 |
_94544 _aJunceda, Joan _d1881-1948 _2lemac |
| 650 | 0 | 4 |
_93384 _aDibuixants _xBiografia _zCatalunya |
| 650 | 0 | 4 |
_93162 _aHumorisme gràfic _xHistòria _zCatalunya |
| 710 | 1 |
_92829 _aBarcelona _b -- Ajuntament |
|
| 942 |
_cMON _2udc |
||